000 00640nam a2200277Ia 4500
005 20260324131407.0
008 008 260324s9999 xx 000 0 eng d
020 _a9781315221380
037 _aEBOOK
040 _aCRL
040 _beng
040 _cCRL
041 _2eng
041 _aeng
084 _qCRL
100 _aBrian J. Thompson; Ken Barat
_91185351
245 0 _aLaser Safety Management
260 _bTaylor and Francis
260 _c2006
365 _a
365 _b240
856 _uhttp://www.taylorfrancis.com/books/9781315221380
942 _cEBOOK
999 _c1782450
_d1782450